Statistics for Coldest Capital Cities in January

Click here to take the quiz!

General Stats

  • This quiz has been taken 27 times
  • The average score is 18 of 22

Answer Stats

#Temp.Answer% Correct
10-3.1 °CHelsinki
100%
4-6.2 °CMoscow
100%
11-2.9 °COslo
100%
22-1.0 °CStockholm
100%
16-2.1 °CRiga
96%
13-2.7 °CBeijing
92%
3-10.1 °COttawa
92%
9-3.2 °CKyiv
88%
6-4.2 °CMinsk
88%
17-2.0 °CSeoul
88%
1-21.3 °CUlaanbaatar
88%
19-1.5 °CWarsaw
88%
2-14.5 °CAstana
83%
11-2.9 °CTallinn
83%
5-5.4 °CPyongyang
79%
7-3.9 °CVilnius
79%
13-2.7 °CBishkek
67%
19-1.5 °CBucharest
67%
18-1.8 °CChișinău
63%
8-3.5 °CYerevan
63%
15-2.3 °CKabul
33%
21-1.3 °CPristina
21%

Score Distribution

Percentile by Number Answered

Percent of People with Each Score

Your Score History

You have not taken this quiz